Regulatory Networks in Prokaryotes : (Record no. 589394)

MARC details
000 -LEADER
fixed length control field 00500nam a2200193 a 4500
008 - FIXED-LENGTH DATA ELEMENTS--GENERAL INFORMATION
fixed length control field 250924s2003##################000#0#eng##
020 ## - INTERNATIONAL STANDARD BOOK NUMBER
ISBN 9781898486497
082 04 - DEWEY DECIMAL CLASSIFICATION NUMBER
Classification number 579.3
Item number DUR
100 1# - MAIN ENTRY--AUTHOR NAME
Personal name Dürre, Peter,
245 10 - TITLE STATEMENT
Title Regulatory Networks in Prokaryotes :
260 ## - PUBLICATION, DISTRIBUTION, ETC. (IMPRINT)
Name of publisher Garland Science,
Year of publication 2003.
300 ## - PHYSICAL DESCRIPTION
Number of Pages 216 pages
650 #0 - SUBJECT ADDED ENTRY--TOPICAL TERM
Topical Term Science.
942 ## - ADDED ENTRY ELEMENTS (KOHA)
Koha item type English Books
Holdings
Withdrawn status Lost status Damaged status Not for loan Home library Current library Shelving location Date acquired Full call number Accession Number Price effective from Koha item type
        Anna Centenary Library Anna Centenary Library 5TH FLOOR, A WING 24.09.2025 579.3 DUR 171454 24.09.2025 English Books

Find us on the map